Fundamentos de nutrición y alimentación de animales / D. C. Church, W. G. Pond y K. R. Pond; traducción Luis Jorge Pérez Calderon; Revición José Luis Laparra Vega. (Record no. 217112)
[ view plain ]
| 000 -CABECERA | |
|---|---|
| campo de control de longitud fija | 01479nam a2200289Ia 4500 |
| 001 - NÚMERO DE CONTROL | |
| campo de control | Z_6320 |
| 008 - DATOS DE LONGITUD FIJA--INFORMACIÓN GENERAL | |
| campo de control de longitud fija | 220601s9999 xx 000 0 und d |
| 020 ## - NÚMERO INTERNACIONAL ESTÁNDAR DEL LIBRO | |
| Número Internacional Estándar del Libro | 978-968-18-5299-3 |
| 082 ## - NÚMERO DE LA CLASIFICACIÓN DECIMAL DEWEY | |
| Número de clasificación | 636.085 C48 2009 |
| 100 ## - ENTRADA PRINCIPAL--NOMBRE DE PERSONA | |
| Nombre de persona | Church, D. C. |
| 9 (RLIN) | 22991 |
| 245 ## - MENCIÓN DE TÍTULO | |
| Título | Fundamentos de nutrición y alimentación de animales / D. C. Church, W. G. Pond y K. R. Pond; traducción Luis Jorge Pérez Calderon; Revición José Luis Laparra Vega. |
| 250 ## - MENCIÓN DE EDICIÓN | |
| Mención de edición | 2a ed. |
| 260 ## - PUBLICACIÓN, DISTRIBUCIÓN, ETC. | |
| Lugar de publicación, distribución, etc. | México : Limusa: Wiley |
| 300 ## - DESCRIPCIÓN FÍSICA | |
| Extensión | 635 p. |
| 500 ## - NOTA GENERAL | |
| Nota general | Traducida de la obra en inglés: Basic animal nutrition and feeding 2th ed. de 1982 \ la biblioteca cuenta con la actualización del 2007, 2009, 2012 y 2013 de Mario Alberto Hernández Cuapio y Ana Luisa Weckmann González. ISBN: 13:978-968-18-5299-3 (4.2) 2007, 13:978-968-18-5299-3 (5.2) 2009, 978-968-18-5299-3 (7.2) 2012, 978-968-18-5299-3 (8.2) 2013 |
| 503 ## - NOTA DE HISTORIA BIBLIOGRÁFICA (BK CF MU) [OBSOLETO] | |
| Nota de historia bibliográfica | ej.1- ej.3: C/E \ ej.4: 0115 \ ej.5: 0116 \ ej.6: 0117 \ ej.7: 0118 \ ej.8: 0119 \ ej.9: consumo \ ej.10: consumo |
| 504 ## - NOTA DE BIBLIOGRAFÍA, ETC. | |
| Nota de bibliografía, etc. | Incluye bibliografía |
| 650 ## - PUNTO DE ACCESO ADICIONAL DE MATERIA--TÉRMINO DE MATERIA | |
| Término de materia o nombre geográfico como elemento de entrada | 1. Nutrición animal |
| 650 ## - PUNTO DE ACCESO ADICIONAL DE MATERIA--TÉRMINO DE MATERIA | |
| Término de materia o nombre geográfico como elemento de entrada | Alimentos y alimentación del ganado |
| 9 (RLIN) | 4326 |
| 650 ## - PUNTO DE ACCESO ADICIONAL DE MATERIA--TÉRMINO DE MATERIA | |
| Término de materia o nombre geográfico como elemento de entrada | Animales -- Alimentos |
| 700 ## - PUNTO DE ACCESO ADICIONAL--NOMBRE DE PERSONA | |
| Nombre de persona | Pond, W. G., coaut. \ Pond, K. R., caourt. \ Pérez Calderon, Luis Jorge, tr. \ Laparra Vega, José Luis, rev.Ì |
| 9 (RLIN) | 183517 |
| 901 ## - ELEMENTOS DE DATOS A LOCAL LDA (RLIN) | |
| a | 636.085 C48 2009 |
| 902 ## - ELEMENTOS DE DATOS B LOCAL, LDB (RLIN) | |
| a | M |
| 905 ## - ELEMENTOS DE DATOS E LOCAL, LDE (RLIN) | |
| a | 5232272009 mx dni 8211113311spa16 |
| 942 ## - ELEMENTOS DE PUNTO DE ACCESO ADICIONAL (KOHA) | |
| Tipo de ítem Koha | Libro_ |
No items available.
